| 000 | 01660nam a2200421 a 4500 | ||
|---|---|---|---|
| 001 | ebr10606398 | ||
| 003 | CaPaEBR | ||
| 006 | m u | ||
| 007 | cr cn||||||||| | ||
| 008 | 110901s2012 mauabd sb 001 0 eng d | ||
| 010 | _z 2011035022 | ||
| 020 | _z9783110266290 (hardcover : alk. paper) | ||
| 020 | _z9783110266290 | ||
| 020 | _z9783110266306 (e-book) | ||
| 040 |
_aCaPaEBR _cCaPaEBR |
||
| 035 | _a(OCoLC)815471284 | ||
| 050 | 1 | 4 |
_aGN740 _b.P66 2012eb |
| 082 | 0 | 4 |
_a599.9 _223 |
| 245 | 0 | 0 |
_aPopulation dynamics in prehistory and early history _h[electronic resource] : _bnew approaches using stable isotopes and genetics / _cedited by Joachim Burger, Elke Kaiser and Wolfram Schier. |
| 260 |
_aBoston : _bDe Gruyter, _cc2012. |
||
| 300 |
_ax, 353 p. : _bill. (some col.), maps. |
||
| 490 | 1 |
_aTopoi : Berlin studies of the ancient world, _x2191-5806 ; _vv. 5 |
|
| 504 | _aIncludes bibliographical references and index. | ||
| 533 |
_aElectronic reproduction. _bPalo Alto, Calif. : _cebrary, _d2011. _nAvailable via World Wide Web. _nAccess may be limited to ebrary affiliated libraries. |
||
| 650 | 0 | _aAnthropology, Prehistoric. | |
| 650 | 0 | _aEthnoarchaeology. | |
| 650 | 0 | _aPopulation genetics. | |
| 650 | 0 | _aEvolutionary genetics. | |
| 650 | 0 | _aPopulation biology. | |
| 650 | 0 | _aStable isotopes. | |
| 655 | 7 |
_aElectronic books. _2local |
|
| 700 | 1 | _aBurger, Joachim. | |
| 700 | 1 | _aKaiser, Elke. | |
| 700 | 1 | _aSchier, Wolfram. | |
| 710 | 2 | _aebrary, Inc. | |
| 830 | 0 |
_aTopoi ; _vv. 5. |
|
| 856 | 4 | 0 |
_uhttp://site.ebrary.com/lib/rucke/Doc?id=10606398 _zAn electronic book accessible through the World Wide Web; click to view |
| 999 |
_c193257 _d193257 |
||